| 000 | 00738cam a2200205 a 4500 | ||
|---|---|---|---|
| 001 | 000005642 | ||
| 005 | 20200929151729.0 | ||
| 008 | 791018s1949 sp b 001 0 spa | ||
| 040 |
_aDO-SdBNP _bspa _cBNPHU |
||
| 082 |
_a863.3 _bT585p |
||
| 100 | 1 |
_aTimoneda, Juan de, _d1520?-1583. _915947 |
|
| 245 | 1 | 3 |
_aEl patrañuelo / _cJuan Timoneda ; edición, prólogo y notas de Federico Ruiz Morcuende. |
| 260 |
_aMadrid, España : _bEspasa-Calpe, _c1949. |
||
| 300 |
_alx, 220 p. ; _c19 cm. |
||
| 490 | 1 |
_aClásicos castellanos _v101 |
|
| 650 | 4 |
_aNovela española _ySIGLO XVI _915948 |
|
| 650 | 4 |
_aLiteratura española _ySIGLO XVI _98688 |
|
| 700 | 1 |
_aRuiz Morcuente, Federico, _d1946-, _eed. _915949 |
|
| 830 | 0 |
_aClásicos castellanos ; _n101 _915950 |
|
| 999 |
_c5441 _d5441 |
||